Statistics for Most populous country by ending letter

Click here to take the quiz!

General Stats

  • This quiz has been taken 55 times
  • The average score is 12 of 18

Answer Stats

HintAnswer% Correct
AChina
96%
QIraq
85%
NPakistan
85%
LBrazil
83%
OMexico
81%
YTurkey
81%
SUnited States
74%
HBangladesh
72%
TEgypt
72%
EFrance
70%
MVietnam
70%
DThailand
64%
UPeru
55%
RMyanmar
51%
KDenmark
40%
IMali
34%
GLuxembourg
28%
CCzech Republic
13%

Score Distribution

Percentile by Number Answered

Percent of People with Each Score

Your Score History

You have not taken this quiz